Tuyển tập Vũ Hạnh

Saved in:
Bibliographic Details
Main Author: Vũ, Hạnh
Format: Book
Language:Undetermined
Published: Thành phố Hồ Chí Minh Tổng hợp Thành phố Hồ Chí Minh 2015
Subjects:
Tags: Add Tag
No Tags, Be the first to tag this record!
Institutions: Trung tâm Học liệu Trường Đại học Cần Thơ
LEADER 00677nam a2200193Ia 4500
001 CTU_210682
008 210402s9999 xx 000 0 und d
020 |c 200000 
082 |a 895.9223008 
082 |b H107/T.2 
100 |a Vũ, Hạnh 
245 0 |a Tuyển tập Vũ Hạnh 
245 0 |c Vũ Hạnh 
260 |a Thành phố Hồ Chí Minh 
260 |b Tổng hợp Thành phố Hồ Chí Minh 
260 |c 2015 
650 |a Tiểu thuyết Việt Nam,Short stories, Vietnamese,Vietnamese fiction,Truyện ngắn Việt Nam 
904 |i Võ Thị Việt Trinh,Hải 
980 |a Trung tâm Học liệu Trường Đại học Cần Thơ